| 000 | 00459cam a2200181ua 4500 | ||
|---|---|---|---|
| 020 | _c16.50 | ||
| 041 |
_amal _h |
||
| 082 |
_a330.954 _bNAR/IN |
||
| 100 | _aNarayanan, . | ||
| 245 |
_aIndian sampathika charithram / _cNarayanan. _hTextual Documents |
||
| 250 |
_a1 / _b. |
||
| 260 |
_aThiruvananthapuram : _bState Instititute of Languages , _c1974. |
||
| 300 | _a620 ; . | ||
| 365 | _a16.50 | ||
| 504 | _a | ||
| 942 | _cBK | ||
| 999 |
_c6053 _d6053 |
||